Les Présidents de la République les plus éphémères - Statistiques

Statistiques générales
  • Ce quiz a été pris 72 fois
  • Le résultat moyen est 8 sur 11
Statistiques - réponses
Durée de la fonction Président de la République % Correct
4 ans,9 mois et 13 jours Georges Pompidou
91%
5 ans* François Hollande
84%
10 mois et 24 jours Paul Doumer
81%
7 mois et 3 jours Paul Deschanel
78%
4 ans et 30 jours Félix Faure
76%
4 ans,11 mois et 23 jours René Coty
74%
1 an,8 mois et 23 jours Adolphe Thiers
72%
4 ans,11 mois et 29 jours Nicolas Sarkozy
72%
3 ans,8 mois et 19 jours Alexandre Millerand
62%
3 ans,11 mois et 12 jours Louis-Napoléon Bonaparte
59%
6 mois et 20 jours Jean Casimir-Perier
50%
Aucun quiz correspondant
Distribution des résultats
% des personnes avec chaque résultat
Percentile par nombre de réponses
Votre historique - résultats
Vous n’avez pas pris ce quiz